| 000 | 01015nam1a22002291i 4500 | ||
|---|---|---|---|
| 001 | rc\685157 | ||
| 005 | 20240724000400.0 | ||
| 035 | _a(NLR Aleph) 005972223 | ||
| 090 |
_a6946709 _c6946709 |
||
| 100 | _a20031121g19859999u |0rusy50 ca | ||
| 101 | 0 | _arus | |
| 102 | _aRU | ||
| 105 | _ay ||||||||| | ||
| 200 | 1 |
_aБезопасность и эффективность эксплуатации воздушного транспорта _eТез. докл. _fIV Всесоюз. науч.-практ. конф. по безопасности полетов, 9-11 окт. 1985 г. |
|
| 210 |
_aЛ. _cОЛАГА _d1985- |
||
| 215 | _d20 | ||
| 300 | _aВ надзаг.: М-во гражд. авиации, Акад гражд. авиации | ||
| 712 | 1 | 2 |
_aВсесоюзная науч.-метод. конф. по безопасности полетов в гражданской авиации _d4 _f1985 _eЛенинград |
| 801 | 0 |
_aRU _bNLR _gpsbo |
|
| 801 | 1 |
_aRU _bELAR _2rusmarc |
|
| 852 |
_aNLR _j85-4/38788 |
||
| 942 | _cBOOK | ||